000 00765nas a2200241 4500
001 BR2014006790
003 BR-BrBNA
005 20231205124647.0
007 ta
008 230509b bl.|||p| |||| 00| 00por d
040 _aBR-BrBNA
_bpor
_cBiblioteca Nacional de Agricultura
041 _a(Es)
072 _aF30
100 1 _aAgustín, J.A.
100 1 _aLedesma, S.D.S.
245 1 _aConservación y uso de los recursos genéticos de annonaceae en México
650 _aANNONACEAE
650 _aETNOBOTÂNICA
650 _aMELHORAMENTO GENÉTICO VEGETAL
773 0 _tRevista Brasileira de Fruticultura (Brazil)
_xISSN 0100-2945
_g(Feb 2014), v. 36(ed. esp.) p. 118-124
_wBR2014006790
909 _a202311
_bLúcia
_c55
_dLúcia Elande
942 _2AGRIS
_n0
_cANA
999 _c240241
_d240241